000
00327 a2200145 4500
001
181368
020
_a
040
_c
Magnum
100
_a
Balachov, N. I.
240
1
0
_a
Estruturalismo: russos x franceses
_l
por
245
1
0
_a
Estruturalismo: russos x franceses
362
0
_a
1899
697
_a
MAGNITO: GERAL
942
_c
BK
999
_c
181368
_d
181368